One Piece Characters - Sudden Death - Statistics

General Stats
  • This quiz has been taken 580 times
  • The average score is 14 of 16
Answers on the Grid
Answers color-coded by a green-red scale on the quiz's grid according to % correct below.
Monkey D. Luffy
Piccolo
Sanji
Boa Hancock
Light Yagami
Guts
Edward Newgate
Brook
Power
Jewelry Bonney
Yor Forger
Charlotte Linlin
Nami
Sabo
Tsunade
Lelouch Lamperouge
Crocodile
Winry Rockbell
Sasuke Uchiha
Nico Robin
Rukia Kuchiki
Mikasa Ackerman
Vegapunk
Kamina
Krillin
Shanks
Roy Mustang
Roronoa Zoro
Saitama
Arlong
Lucy Heartfilia
Smoker
 
Answer Stats
Answer % Correct
Monkey D. Luffy
98%
Sanji
95%
Brook
93%
Boa Hancock
92%
Nami
92%
Edward Newgate
90%
Nico Robin
90%
Arlong
89%
Crocodile
89%
Roronoa Zoro
89%
Sabo
89%
Shanks
89%
Smoker
88%
Jewelry Bonney
87%
Charlotte Linlin
86%
Vegapunk
85%
No matching quizzes found
Score Distribution
Percent of People with Each Score
Percentile by Number Answered
Your Score History
You have not taken this quiz